| 000 | 00552nam a2200181 a 4500 | ||
|---|---|---|---|
| 005 | 20140310183528.0 | ||
| 008 | 111109s19uu xx 00 eng d | ||
| 020 | _a9789713703880 | ||
| 050 |
_aTK 5105.888 _b.W364 2010 |
||
| 245 |
_aWeb design : _bHTML, Adobe Dreamweaver CS4, JavaScript, Cascading Style Sheets, Xhtml / _cJemma Development Group. |
||
| 260 |
_as.l : _bJemma Inc, _c2010. |
||
| 300 |
_a322 p. : _bill. ; _c26 cm. |
||
| 440 | _aVisual Guide | ||
| 521 | _aMA | ||
| 650 |
_aWeb sites _xDesign |
||
| 942 |
_cBK _2lcc _kFOR |
||
| 999 |
_c24557 _d24557 |
||